Mental illness and crime (Record no. 50992)

MARC details
000 -LEADER
fixed length control field 00673nam a2200169 a 4500
008 - FIXED-LENGTH DATA ELEMENTS--GENERAL INFORMATION
fixed length control field 160426s2015 ||||||||||||||||| || u
020 ## - INTERNATIONAL STANDARD BOOK NUMBER
International Standard Book Number 9781412987073
050 ## - LIBRARY OF CONGRESS CALL NUMBER
Classification number HV 6133 Sch
100 ## - MAIN ENTRY--PERSONAL NAME
Personal name Schug, Robert .A
245 10 - TITLE STATEMENT
Title Mental illness and crime
Statement of responsibility, etc. By Robert. Schug [and] Henry F. Fradella
260 ## - PUBLICATION, DISTRIBUTION, ETC.
Place of publication, distribution, etc. Los Angeles
Name of publisher, distributor, etc. SAGE Publications
Date of publication, distribution, etc. 2015
300 ## - PHYSICAL DESCRIPTION
Extent xiv, 572p.:ill.
350 ## - PRICE (NR) (BK AM CF MU VM SE) [OBSOLETE]
Price 94.00
650 ## - SUBJECT ADDED ENTRY--TOPICAL TERM
Topical term or geographic name entry element CRIMINAL -- MENTAL HEALTH -- UNITED STATES
650 ## - SUBJECT ADDED ENTRY--TOPICAL TERM
Topical term or geographic name entry element MENTALLY ILL OFFENDERS -- UNITED STATES
995 ## - RECOMMENDATION 995 [LOCAL, UNIMARC FRANCE]
-- CBU-MAIN LIBRARY (Kitwe)
-- 94.00
-- 1
-- AVAILABLE
-- Apr 27, 2016
-- Main Library Open Access Collection
Holdings
Withdrawn status Lost status Source of classification or shelving scheme Damaged status Not for loan Home library Current library Shelving location Date acquired Total Checkouts Full call number Barcode Date last seen Price effective from Koha item type
          CBU-MAIN LIBRARY, KITWE. CBU-MAIN LIBRARY, KITWE.   11/30/2022   HV 6133 Sch 746473 11/30/2022 11/30/2022 MONOGRAPH